Los vikingos

Uloženo v:
Podrobná bibliografie
Hlavní autor: Oxenstierna, Eric (autor)
Médium: Kniha
Jazyk:španělština
Vydáno: Barcelona Luis de Carlat 1977
Edice:Historia y Biografía, 111
Témata:
Tagy: Přidat tag
Žádné tagy, Buďte první, kdo vytvoří štítek k tomuto záznamu!

MARC

LEADER 00000nam a2200000 a 4500
001 UCP9012
003 CL-VaPUC
008 000317e19770000SP |||||||||||||||||spa|d
082 0 4 |a 948.022  |b OXE  |2 21 
100 |a Oxenstierna, Eric  |e autor  |9 439302 
245 1 4 |a Los vikingos 
300 |a 330 p 
942 |c BK 
945 |d 20000317 00:00:00  |a rherrera 
260 |a Barcelona  |b Luis de Carlat   |c 1977 
650 0 |a Historia de Europa  |9 392003 
650 0 |a Vikingos  |9 338002 
650 7 |a ESCANDINAVOS  |2 CL-VaPUC  |9 439269 
650 0 |a Cultura y sociedad  |9 367502 
651 7 |a EUROPA DEL NORTE  |2 CL-VaPUC  |9 439303 
583 |a last modification  |c 20000317 00:00:00  |k Rodrigo Vera 
490 0 |a Historia y Biografía, 111 
999 |c 285865  |d 285863 
952 |0 0  |1 0  |4 0  |6 948_022000000000000_OXE_1977  |7 0  |8 A  |9 330716  |a BIBHIS  |b BIBHIS  |d 2019-11-20  |i 1394800  |o 948.022 OXE 1977  |p 1394800  |r 2025-01-20  |w 2019-11-20  |y BK  |k HIS